Welcome to CU Library Online Public Access Catalogue (OPAC)

Creative destruction : (Record no. 4689)

MARC details
000 -LEADER
fixed length control field 00737cam a2200217 a 4500
001 - CONTROL NUMBER
control field 2543429
005 - DATE AND TIME OF LATEST TRANSACTION
control field 20250311110204.0
008 - FIXED-LENGTH DATA ELEMENTS--GENERAL INFORMATION
fixed length control field 941004s1995 maua b 001 0 eng
020 ## - INTERNATIONAL STANDARD BOOK NUMBER
International Standard Book Number 0875844987 (acid free paper) :
Terms of availability $29.95
050 00 - LIBRARY OF CONGRESS CALL NUMBER
Classification number HD58.8
Item number .N64 1995
082 00 - DEWEY DECIMAL CLASSIFICATION NUMBER
Classification number 658.4/063
Edition information 20
100 1# - MAIN ENTRY--PERSONAL NAME
Personal name Nolan, Richard L.
245 10 - TITLE STATEMENT
Title Creative destruction :
Remainder of title a six-stage process for transforming the organization /
Statement of responsibility, etc. Richard L. Nolan and David C. Croson.
260 ## - PUBLICATION, DISTRIBUTION, ETC.
Place of publication, distribution, etc. Boston, Mass. :
Name of publisher, distributor, etc. Harvard Business School Press,
Date of publication, distribution, etc. c1995.
300 ## - PHYSICAL DESCRIPTION
Extent x, 259 p. :
Other physical details ill. ;
Dimensions 25 cm.
650 #0 - SUBJECT ADDED ENTRY--TOPICAL TERM
Topical term or geographic name entry element Organizational change.
650 #0 - SUBJECT ADDED ENTRY--TOPICAL TERM
Topical term or geographic name entry element Information technology.
650 #0 - SUBJECT ADDED ENTRY--TOPICAL TERM
Topical term or geographic name entry element Industrial management.
700 1# - ADDED ENTRY--PERSONAL NAME
Personal name Croson, David C.
942 ## - ADDED ENTRY ELEMENTS (KOHA)
Source of classification or shelving scheme Library of Congress Classification
Koha item type Books
Suppress in OPAC No
999 ## -
-- 4689
-- 4689
Holdings
Withdrawn status Lost status Source of classification or shelving scheme Damaged status Not for loan Collection Home library Current library Shelving location Date acquired Total checkouts Full call number Barcode Date last seen Copy number Price effective from Koha item type
    Library of Congress Classification     Non-fiction Undergraduate Library (Christ Temple) Undergraduate Library (Christ Temple) General stacks 03/11/2025   HD58.8 NOL ulct00001643 03/11/2025 1 03/11/2025 Books
© 2023-2024 Copyright: Central University Libraries. All Rights Reserved | Created by: Mahone Tech Office